[Event "15th Open A"]
[Site "Vienna AUT"]
[Date "2006.08.05"]
[Round "8"]
[White "Bachofner,C"]
[Black "Boehm,G"]
[Result "1/2-1/2"]
[WhiteElo "2146"]
[BlackElo "2076"]

1.e4 g6 2.d4 Bg7 3.Nc3 c6 4.Nf3 d5 5.h3 dxe4 6.Nxe4 Nd7 7.Bd3 Ngf6 8.O-O Nxe4
9.Bxe4 Nf6 10.Bd3 O-O 11.Re1 e6 12.c3 b6 13.Ne5 Bb7 14.Bg5 Qc8 15.Qd2 Nd7
16.Nc4 b5 17.Nd6 Qc7 18.Bf4 e5 19.dxe5 Bxe5 20.Rxe5 Nxe5 21.Bxe5 Rad8 22.Nxf7 Qxf7
23.Qe2 Qd5 24.Bc2 c5 25.f4 Qd2 26.Re1 Rd7 27.a4 a6 28.axb5 axb5 29.Kf2 Rfd8
30.g3 Qxe2+ 31.Rxe2 Rd2 32.Ke3 Rxe2+ 33.Kxe2 c4 34.b3 Ra8 35.bxc4 Ra2 36.Kd1 bxc4
37.f5 g5 38.f6 Bd5 39.h4 gxh4 40.gxh4 h5 41.Bg6 Bf7 42.Be4 Kf8 43.Bf4 Be6
44.Bg5 Ke8 45.Bc6+ Kf7 46.Be4 Bg4+ 47.Kc1 Re2 48.Bd5+  1/2-1/2

[Event "Open"]
[Site "Stare Mesto CZE"]
[Date "2006.08.12"]
[Round "2"]
[White "Pacher,M"]
[Black "Simbera,J"]
[Result "1-0"]
[WhiteElo "2227"]
[BlackElo "2073"]

1.e4 c6 2.d4 g6 3.Nc3 Bg7 4.Nf3 d6 5.Be3 b5 6.Qd2 Nd7 7.Bd3 a6 8.O-O Bb7
9.Rfe1 Qc7 10.Bf1 e5 11.Rad1 O-O-O 12.a4 b4 13.Na2 c5 14.c3 a5 15.dxc5 bxc3
16.Nxc3 Nxc5 17.Nb5 Nxe4 18.Nxc7 Nxd2 19.Bxd2  1-0

[Event "Petrovskaja Ladja S"]
[Site "Peterhof RUS"]
[Date "2006.08.15"]
[Round "3"]
[White "Can,E"]
[Black "Eliseev,Alexe"]
[Result "1-0"]
[WhiteElo "2301"]
[BlackElo "2438"]

1.e4 g6 2.d4 Bg7 3.Nc3 c6 4.f4 d5 5.e5 h5 6.Nf3 Nh6 7.Be3 Bg4 8.h3 Nf5 9.Bf2 Bxf3
10.Qxf3 h4 11.Bd3 e6 12.O-O Nd7 13.Ne2 Bf8 14.b3 Be7 15.c4 Kf8 16.Rac1 Kg7
17.Rc2 a6 18.Kh2 Nf8 19.Rd1 b5 20.cxd5 cxd5 21.Ng1 Qb6 22.Qe2 Ng3 23.Qe3 a5
24.Bxg3 hxg3+ 25.Kxg3 a4 26.Rdc1 axb3 27.axb3 Ra3 28.Be2 Qa5 29.Nf3 Qb4 30.Rb1 Nd7
31.Rc7 Nb6 32.Rb7 Bd8 33.Ng5 Bxg5 34.fxg5 Nc4 35.Qf4 Rxb3+ 36.Kh2  1-0

[Event "Petrovskaja Ladja A1"]
[Site "Peterhof RUS"]
[Date "2006.08.18"]
[Round "8"]
[White "Mukhin,G"]
[Black "Utkin,Alek"]
[Result "1/2-1/2"]
[WhiteElo "2340"]
[BlackElo "2395"]

1.e4 g6 2.d4 Bg7 3.Nc3 c6 4.Nf3 d6 5.Be3 Nf6 6.Qd2 b5 7.Bd3 Qc7 8.Bh6 O-O
9.h4 b4 10.Ne2 Bxh6 11.Qxh6 Ng4 12.Qd2 c5 13.Nf4 Bb7 14.d5 c4 15.Be2 Nd7
16.Ng5 Ndf6 17.Bxg4 Nxg4 18.Qxb4 h6 19.Nf3 e5 20.dxe6 Bxe4 21.Nd4 d5 22.Qd2 fxe6
23.Nfxe6 Qe5 24.f4 Qb8 25.Nxf8 Qxb2 26.O-O Rxf8 27.Rad1 Qa3 28.c3 Rb8 29.Qe2 h5
30.Nf3 Qxc3 31.Qe1 Qb2 32.Qa5 Qf6 33.Rxd5 Bxf3 34.gxf3 Qxh4 35.fxg4 Qg3+
36.Kh1 Qh3+ 37.Kg1  1/2-1/2

[Event "Petrovskaja Ladja S"]
[Site "Peterhof RUS"]
[Date "2006.08.19"]
[Round "10"]
[White "Maslak,K"]
[Black "Eliseev,Alexe"]
[Result "0-1"]
[WhiteElo "2537"]
[BlackElo "2438"]

1.e4 g6 2.d4 Bg7 3.Nc3 c6 4.f4 d5 5.e5 Nh6 6.Be3 f6 7.Qd2 Ng4 8.Nf3 Nxe3
9.Qxe3 O-O 10.O-O-O Bh6 11.g3 Bg4 12.h3 Bxf3 13.Qxf3 Nd7 14.Re1 fxe5 15.dxe5 e6
16.Qg4 Qe7 17.h4 b5 18.Bh3 Rae8 19.Kb1 Nb6 20.Bf1 a5 21.Bd3 a4 22.Ne2 Nc4
23.Bxc4 bxc4 24.a3 Rb8 25.Ka2 Rb6 26.Rb1 Rfb8 27.h5 Bf8 28.Qf3 Rb3 29.cxb3 axb3+
30.Ka1 Qa7 31.Rbf1 Bxa3 32.Nc1 c3  0-1

[Event "9th Open"]
[Site "Banyoles ESP"]
[Date "2006.08.21"]
[Round "6"]
[White "Lopez Martinez,J"]
[Black "Cicak,S"]
[Result "1/2-1/2"]
[WhiteElo "2480"]
[BlackElo "2532"]

1.e4 g6 2.d4 Bg7 3.Nc3 c6 4.f4 Qb6 5.Nf3 d5 6.e5 Bg4 7.Be2 Nh6 8.Na4 Qa5+
9.c3 Nd7 10.b4 Qc7 11.Ng5 Bxe2 12.Qxe2 e6 13.O-O O-O 14.Nc5 Nxc5 15.bxc5 Qa5
16.Qd3 b6 17.cxb6 axb6 18.Qh3 Qb5 19.g4 Qe2 20.Nf3 Rxa2 21.Rxa2 Qxa2 22.Qh4 f5
23.exf6 Rxf6 24.h3 Nf7 25.Qe1 Nd8 26.Ne5 Qa7 27.f5 exf5 28.Bg5 Rf8 29.Bxd8 Bxe5
30.Bxb6 Qxb6 31.Qxe5 Qb8 32.Qxb8 Rxb8 33.gxf5 g5 34.Re1 Rb3 35.Re3 Kf7 36.Kg2 h5
37.Kf3 Ra3 38.h4 Kf6 39.Re6+ Kxf5 40.Re5+ Kg6 41.Rxg5+ Kh6 42.Re5 Rxc3+ 43.Kf4 Kg6
44.Rg5+ Kh6 45.Re5 Rc1 46.Re6+ Kg7 47.Kg5 Kf7 48.Rf6+ Ke7 49.Rf4 Rc4 50.Kxh5 c5
51.Kg5 cxd4 52.Rf2 Rc1 53.Rd2 Kd6 54.Rxd4 Ke5 55.Rd2 Rg1+ 56.Kh6 d4 57.h5 Ke4
58.Kh7  1/2-1/2

[Event "3rd Dato Arthur Tan"]
[Site "Kuala Lumpur MAS"]
[Date "2006.08.22"]
[Round "4"]
[White "Megaranto,S"]
[Black "Prayitno,S"]
[Result "0-1"]
[WhiteElo "2512"]
[BlackElo "2321"]

1.e4 g6 2.d4 Bg7 3.Nc3 c6 4.f4 d5 5.e5 Nh6 6.Nf3 f6 7.Be3 Bg4 8.Be2 O-O 9.Qd2 Nd7
10.O-O-O b5 11.h3 Bxf3 12.Bxf3 Nb6 13.b3 a5 14.Kb1 a4 15.g4 Nf7 16.Rdf1 Qb8
17.Ne2 axb3 18.cxb3 Ra3 19.Qb4 Qa7 20.Nc3 Ra8 21.Rh2 e6 22.Bc1 Ra5 23.Qc5 b4
24.Qxc6 bxc3 25.Rff2 Nd7 26.Qxc3 fxe5 27.fxe5 Ndxe5 28.dxe5 Bxe5 29.Qc2 Qd4
30.Qb2 Qb6 31.Qd2 Rxa2  0-1

[Event "3rd Dato Arthur Tan"]
[Site "Kuala Lumpur MAS"]
[Date "2006.08.23"]
[Round "6"]
[White "Hamid,R"]
[Black "Mas,H"]
[Result "1/2-1/2"]
[WhiteElo "2144"]
[BlackElo "2415"]

1.e4 g6 2.d4 Bg7 3.Nc3 c6 4.f4 d5 5.e5 h5 6.Nf3 Bg4 7.Bd3 e6 8.h3 Bxf3 9.Qxf3 Qb6
10.a3 h4 11.O-O Ne7 12.Be3 Nf5 13.Bxf5 gxf5 14.Na4 Qa5 15.Nc5 Qc7 16.b4 Bf8
17.Qe2 a5 18.c4 dxc4 19.Qxc4 Nd7 20.Nxe6 fxe6 21.Qxe6+ Be7 22.d5 Nf8 23.Qxf5 cxd5
24.Rfc1 Qd7 25.Qd3 Rg8 26.f5 Bg5 27.Bxg5 Rxg5 28.e6 Qd6 29.Qb5+ Kd8 30.Qxb7 Rxg2+
31.Kxg2 Qg3+ 32.Kf1 Qf3+  1/2-1/2

[Event "3rd Dato Arthur Tan"]
[Site "Kuala Lumpur MAS"]
[Date "2006.08.26"]
[Round "9"]
[White "Nguyen Hoang Nam1"]
[Black "Megaranto,S"]
[Result "0-1"]
[WhiteElo "2338"]
[BlackElo "2512"]

1.e4 g6 2.d4 Bg7 3.Nc3 c6 4.Nf3 d5 5.h3 dxe4 6.Nxe4 Nf6 7.Bd3 Nbd7 8.O-O Nxe4
9.Bxe4 O-O 10.c3 Nf6 11.Bd3 b6 12.Bf4 Bb7 13.Be5 Rc8 14.Qe2 e6 15.Rfd1 Qe7
16.Ba6 Rfd8 17.a4 Bxa6 18.Qxa6 Nd5 19.Bxg7 Kxg7 20.Qe2 a5 21.Qe4 Qf6 22.Ne5 Qf5
23.Qh4 c5 24.Nf3 h6 25.Qg4 Qxg4 26.hxg4 Nf6 27.dxc5 Rxd1+ 28.Rxd1 Rxc5 29.Rd4 b5
30.Nd2 bxa4 31.Rxa4 Rd5 32.Nb3 Rb5 33.Nxa5 Rxb2 34.Rc4 Rc2 35.Nb7 Nd5 36.Nd6 Rxc3
37.Ra4 Rc6 38.Ne4 Rc7 39.Kh2 g5 40.Kg1 Nf4 41.Kh2 Nd5 42.Kg1 Kg6 43.Kh2 h5
44.gxh5+ Kxh5 45.Ra8 f5 46.Ng3+ Kg6 47.Ra6 Kf6 48.Ra2 Rc1 49.Ne2 Rd1 50.Rb2 f4
51.Ng1 e5 52.g3 e4 53.gxf4 gxf4 54.Ne2 Ke5 55.Ra2 Kf5 56.Rb2 Kg4 57.Ra2 Rf1
58.Kg2 Re1 59.Kh2 Nb4 60.Rd2 Nd3 61.Nd4 f3 62.Ra2 Rf1 63.Ra8 Rxf2+ 64.Kg1 Rg2+
65.Kf1 Rb2 66.Rg8+ Kf4 67.Rf8+ Ke3 68.Nf5+ Kd2 69.Kg1 e3 70.Nd4 f2+ 71.Kg2 e2
72.Nf3+ Kc1  0-1

[Event "5th Open"]
[Site "Istanbul TUR"]
[Date "2006.08.31"]
[Round "2"]
[White "Karpatchev,A"]
[Black "Oney,R"]
[Result "1-0"]
[WhiteElo "2533"]
[BlackElo "2076"]

1.e4 c6 2.d4 g6 3.Nc3 Bg7 4.Nf3 d5 5.h3 e6 6.Bf4 Qb6 7.Qd2 Ne7 8.O-O-O f6
9.Kb1 Qa5 10.Nxd5 Qd8 11.Ng1 Ng8  1-0

[Event "3rd Open"]
[Site "Kalamaria GRE"]
[Date "2006.09.04"]
[Round "7"]
[White "Iskos,A"]
[Black "Managadze,N"]
[Result "1/2-1/2"]
[WhiteElo "2021"]
[BlackElo "2444"]

1.e4 c6 2.d4 g6 3.Nc3 Bg7 4.h3 d6 5.Nf3 Nd7 6.Bc4 e6 7.a4 Ne7 8.O-O O-O 9.Bg5 h6
10.Bf4 e5 11.dxe5 dxe5 12.Be3 Qc7 13.Qd2 Nb6 14.Bb3 Rd8 15.Qe2 Nd7 16.Qc4 Rf8
17.Rfd1 Qa5 18.Ba2 Nb6 19.Qd3 Be6 20.Bxe6 fxe6  1/2-1/2

[Event "FSIMA September"]
[Site "Budapest HUN"]
[Date "2006.09.09"]
[Round "8"]
[White "Galyas,M"]
[Black "Keschitz,G"]
[Result "0-1"]
[WhiteElo "2390"]
[BlackElo "2279"]

1.d4 g6 2.e4 Bg7 3.Nc3 c6 4.h3 d5 5.Nf3 Nf6 6.e5 Ne4 7.Bd3 Nxc3 8.bxc3 c5
9.h4 c4 10.Be2 Bf5 11.h5 Qa5 12.Bd2 Qa4 13.Rc1 Qxa2 14.Ng5 Qa6 15.Bg4 h6
16.Nh3 Qe6 17.Bf3 g5 18.g4 Bh7 19.Bg2 f5 20.Bxg5 hxg5 21.Nxg5 Qc6 22.h6 Bxh6
23.Nxh7 Rxh7 24.g5 Qg6 25.Rxh6 Rxh6 26.gxh6 e6 27.Rb1 b6 28.Qf3 Nc6 29.Ke2 O-O-O
30.Rh1 Rh8 31.Qh3 Rh7 32.Bf3 Ne7 33.Qh2 Qg5 34.Kd1 Kd7 35.Be2 Ng8 36.Rg1 Qxh6
37.Qg3 Ne7 38.Bf3 Qh4 39.Qg2 Qh3 40.Qg3 Qxg3 41.fxg3 Rg7 42.Ke2 a5 43.Ke3 b5
44.Rb1 Kc6 45.Kf4 a4 46.g4 fxg4 47.Bxg4 Rf7+ 48.Kg5 Nf5 49.Bh3 Kb6 50.Rf1 Kc6
51.Kg6 Rf8 52.Bxf5 exf5 53.Kg7 Ra8 54.Rxf5 a3 55.Rf6+ Kc7 56.Rf7+ Kb6 57.Rf6+ Ka5
58.e6 a2 59.Rf1 b4 60.cxb4+ Kxb4 61.e7 Kc3 62.Kf7 Kxc2 63.Ke6 Kb2 64.Kxd5 c3  0-1

[Event "5th Kesarovski - Georgiev Mem"]
[Site "Sunny Beach BUL"]
[Date "2006.09.09"]
[Round "8"]
[White "Georgiev,Kr"]
[Black "Chatalbashev,B"]
[Result "1/2-1/2"]
[WhiteElo "2485"]
[BlackElo "2507"]

1.e4 g6 2.d4 Bg7 3.Nc3 c6 4.Bc4 d6 5.Bb3 Nf6 6.f4 O-O 7.Nf3 d5 8.e5 Ne8 9.O-O Bg4
10.Be3 f6 11.Ne4 Nc7 12.c3 Kh8 13.Ng3  1/2-1/2

[Event "12th DDS League and Open"]
[Site "Tuzla BIH"]
[Date "2006.09.16"]
[Round "2"]
[White "Majeric,Z"]
[Black "Nurkic,S"]
[Result "1/2-1/2"]
[WhiteElo "2292"]
[BlackElo "2395"]

1.e4 g6 2.d4 Bg7 3.Nc3 c6 4.Nf3 Nf6 5.e5 Nd5 6.Ne4 O-O 7.Bd3 d6 8.exd6 exd6
9.O-O Nb4 10.Bg5 f6 11.Bf4 Nxd3 12.Qxd3 d5  1/2-1/2

[Event "12th DDS League and Open"]
[Site "Tuzla BIH"]
[Date "2006.09.19"]
[Round "8"]
[White "Avdic,Ad"]
[Black "Nurkic,S"]
[Result "1/2-1/2"]
[WhiteElo "2288"]
[BlackElo "2395"]

1.e4 g6 2.d4 Bg7 3.Nc3 c6 4.Bg5 Qb6 5.Nge2 Qxb2 6.Rb1 Qa3 7.Qd2 Qa5 8.h4 h6
9.Be3 d6 10.f3 Nf6 11.Nf4 Nbd7 12.Bc4 e5 13.Nfe2 exd4 14.Nxd4 Ne5 15.Bb3 O-O
16.Nde2 d5 17.exd5 Re8 18.O-O cxd5 19.Bxh6 Nc4 20.Bxc4 Bxh6 21.Qxh6 Qc5+
22.Kh1 Qxc4 23.Qf4 Kg7 24.Qxc4 dxc4 25.Rb4 b6 26.Rf2 Bb7 27.Rxc4 Rac8 28.Rd4 Re3
29.Nd1 Ra3 30.Nc1 Bd5 31.c3 b5 32.Rfd2 Be6 33.Rb2 a6 34.Nb3 Nd5 35.Rc2 a5
36.Rdd2 a4 37.Nd4 Nxc3 38.Nxc3 Raxc3 39.Rxc3 Rxc3 40.Nxb5 Rc1+ 41.Kh2 Bc4
42.Nd6 Be6 43.Rd4 a3 44.Rd3 Ra1 45.Rxa3 Rxa2 46.Rxa2 Bxa2 47.g4 Kf6 48.Kg3 Ke5
49.Nc8 Be6 50.Ne7 Kf6 51.Nc6 Bd5 52.Nb4 Bb7 53.Kf4 Kg7 54.Nc2 Kf6 55.Nd4  1/2-1/2

[Event "15th TCh-CRO"]
[Site "Sibenik CRO"]
[Date "2006.09.27"]
[Round "6"]
[White "Leventic,I"]
[Black "Biliskov,V"]
[Result "1/2-1/2"]
[WhiteElo "2488"]
[BlackElo "2334"]

1.e4 g6 2.d4 Bg7 3.Nc3 c6 4.Nf3 d5 5.h3 Nf6 6.e5 Ne4 7.Nxe4 dxe4 8.Ng5 c5
9.c3 cxd4 10.cxd4 Nc6 11.Be3 Qa5+ 12.Qd2 Qxd2+ 13.Kxd2 O-O 14.Bc4 Na5 15.Bd5 h6
16.Nxe4 Rd8 17.Nc3 Bxe5 18.dxe5 Be6 19.Ke2 Bxd5 20.Nxd5 Rxd5 21.f4 Nc6 22.Rhd1 Rad8
23.Rxd5 Rxd5 24.Rc1 h5 25.Kf3 Kf8 26.Ke4 e6 27.a3  1/2-1/2

[Event "WJun"]
[Site "Yerevan ARM"]
[Date "2006.10.05"]
[Round "3"]
[White "Stellwagen,D"]
[Black "Sengupta,D"]
[Result "1-0"]
[WhiteElo "2576"]
[BlackElo "2420"]

1.e4 g6 2.d4 Bg7 3.Nc3 c6 4.Be3 d6 5.f4 Nh6 6.Nf3 d5 7.e5 b6 8.h3 Nf5 9.Bf2 h5
10.g3 Qc7 11.Qd2 Ba6 12.O-O-O e6 13.Bxa6 Nxa6 14.g4 Ne7 15.Bh4 Kd7 16.Bf6 Rag8
17.Ng5 Ke8 18.Rdf1 Nb8 19.Rhg1 hxg4 20.hxg4 Nd7 21.Bxg7 Rxg7 22.Rh1 Rxh1
23.Rxh1 Nf8 24.Rh8 Ng8 25.Ne2 Qe7 26.Ng1 Kd7 27.N1f3 Kc7 28.Qh2 Kd7 29.a3 Ke8
30.Kb1 c5 31.c4 Qb7 32.Qc2 dxc4 33.Ne4 Ke7 34.dxc5 f5 35.exf6+ Nxf6 36.Nxf6 Qxf3
37.Qxc4 Rf7 38.g5 Qc6 39.Qa6 Qc7 40.cxb6 axb6 41.Qa8 Qc4 42.Qb7+  1-0

[Event "56th TCh-BUL"]
[Site "Sunny Beach BUL"]
[Date "2006.10.06"]
[Round "2"]
[White "Ninov,N"]
[Black "Popchev,M"]
[Result "1/2-1/2"]
[WhiteElo "2517"]
[BlackElo "2405"]

1.e4 g6 2.d4 Bg7 3.Nc3 c6 4.h3 b5 5.e5 d6 6.Nf3 a6 7.Bf4 d5 8.Qd2 Nd7 9.Bd3 Nf8
10.a4 Bb7 11.axb5 cxb5 12.O-O Ne6 13.Ng5 Nxg5 14.Bxg5 f6 15.Bf4 fxe5 16.Bxe5 Nf6
17.Ne2 O-O 18.Qa5 Qxa5 19.Rxa5 Nd7 20.Bxg7 Kxg7 21.b4 Nb6 22.Raa1 Kf6 23.Nf4 e5
24.dxe5+ Kxe5 25.g3 Rfe8 26.Rfe1+  1/2-1/2

[Event "56th TCh-BUL"]
[Site "Sunny Beach BUL"]
[Date "2006.10.08"]
[Round "4"]
[White "Arnaudov,G"]
[Black "Georgiev,Ves"]
[Result "1-0"]
[WhiteElo "2220"]
[BlackElo "2327"]

1.e4 g6 2.d4 Bg7 3.Nc3 c6 4.Nf3 d6 5.a4 Nf6 6.h3 O-O 7.Be3 Nbd7 8.Be2 Qc7
9.O-O b6 10.Qd2 Bb7 11.Bh6 a6 12.Bxg7 Kxg7 13.Qe3 e5 14.dxe5 dxe5 15.Bc4 b5
16.Bb3 h6 17.Rad1 b4 18.Nb1 c5 19.Nbd2 a5 20.Rfe1 Nb6 21.Nc4 Nxc4 22.Bxc4 Bxe4
23.Re2 Bxf3 24.Qxf3 Rad8 25.Rde1 e4 26.Qb3 Qf4 27.c3 h5 28.cxb4 cxb4 29.Qe3 Qxe3
30.Rxe3 Rd2 31.b3 Rfd8 32.f3 Rb2 33.fxe4 Rdd2 34.Bf1 Nd7 35.e5 Nc5 36.Rc1 Ne6
37.h4 g5 38.hxg5 Kg6 39.Rf3 Rd7 40.Rf6+ Kxg5 41.Rc8 Rxb3 42.Rg8+ Kh4 43.Kh2 Rd2
44.Rxf7 Rh3+ 45.Kg1 Rg3 46.Rxg3 Kxg3 47.Rf3+ Kg4 48.Rf6 Ng5 49.e6 Rd1 50.Kh2 Re1
51.Bc4 Re4 52.Bd3 Re5 53.Bf5+ Kf4 54.Bc2+ Ke3 55.Rf5 Rxe6 56.Rxg5 Kd2 57.Bh7 Rh6
58.Bg8 Rh8 59.Bf7 Rh7 60.Ba2 Kc2 61.Rxa5 b3 62.Rc5+ Kb2 63.Bxb3 Kxb3 64.a5 Kb4
65.Rg5 Rh6 66.g3 h4 67.g4 Kc4 68.Kh3 Kd4 69.Rh5 Rc6 70.Kxh4 Ke4 71.Rb5 Rc4
72.Kg5 Kf3 73.Rb3+ Ke4 74.Ra3 Rc5+ 75.Kh4 Rc7 76.a6 Ra7 77.Kg5 Ke5 78.Kg6  1-0

[Event "14th Chigorin Mem B"]
[Site "St-Petersburg RUS"]
[Date "2006.10.25"]
[Round "4"]
[White "Reppen,S"]
[Black "Efremova,D"]
[Result "1-0"]
[WhiteElo "2107"]
[BlackElo "2003"]

1.e4 g6 2.d4 Bg7 3.Nc3 c6 4.f4 d5 5.e5 h5 6.Nf3 Bg4 7.Be2 Nh6 8.h3 Bxf3 9.Bxf3 h4
10.Ne2 e6 11.O-O Qb6 12.c3 Nf5 13.Qd3 c5 14.Kh2 Nc6 15.dxc5 Qxc5 16.b4 Qb6
17.b5 Na5 18.Nd4 Nc4 19.Nxf5 gxf5 20.a4 O-O-O 21.Qd4 Bf8 22.Qxb6 axb6 23.Be2 Na5
24.Be3 Bc5 25.Bd4 Nb3 26.Rad1 Rhg8 27.Rd3 Rg7 28.Rb1 Na5 29.g4 hxg3+ 30.Rxg3 Rdg8
31.Rxg7 Rxg7 32.h4 Kd7 33.h5 Ke7 34.Kh3 Kf8 35.Bxc5+ bxc5 36.b6 c4 37.Rb5 Nc6
38.a5 Ke7 39.a6 bxa6 40.Rc5 Nb8 41.Rc8 Nd7 42.b7 d4 43.cxd4 c3 44.Rxc3 Rg8
45.Rc8 Rd8 46.h6  1-0

[Event "14th Chigorin Mem"]
[Site "St-Petersburg RUS"]
[Date "2006.10.27"]
[Round "6"]
[White "Kanep,M"]
[Black "Kim,Alex"]
[Result "1-0"]
[WhiteElo "2510"]
[BlackElo "2428"]

1.d4 g6 2.e4 Bg7 3.Nc3 c6 4.Be3 d6 5.Qd2 Nd7 6.h4 Ngf6 7.f3 Qa5 8.g4 h6 9.O-O-O b5
10.Kb1 b4 11.Nce2 Ba6 12.Nh3 Nb6 13.b3 c5 14.c3 Rc8 15.cxb4 cxb4 16.Ng3 Bxf1
17.Rhxf1 h5 18.g5 Nfd7 19.f4 e6 20.f5 exf5 21.exf5 Nd5 22.f6 Bxf6 23.gxf6 Nc3+
24.Ka1 Nxd1 25.Qxd1 O-O 26.Nf5 Rc3 27.Ne7+ Kh7 28.Nf5 Rd3 29.Qxd3 gxf5 30.d5  1-0

[Event "14th Chigorin Mem B"]
[Site "St-Petersburg RUS"]
[Date "2006.10.28"]
[Round "7"]
[White "Beliaev,Va"]
[Black "Efremova,D"]
[Result "0-1"]
[WhiteElo "2118"]
[BlackElo "2003"]

1.e4 g6 2.d4 Bg7 3.Nc3 c6 4.f4 d5 5.e5 h5 6.Be3 Bg4 7.Nf3 Nh6 8.h3 Nf5 9.Bf2 Bxf3
10.Qxf3 h4 11.Bd3 Qb6 12.Bxf5 gxf5 13.g4 hxg3 14.Qxg3 Qxb2 15.Kd2 Bh6 16.Nxd5 cxd5
17.Rhb1 Bxf4+ 18.Qxf4 Qa3 19.Rb3 Qa5+ 20.c3 Nd7 21.Bh4 Qa6 22.Qg5 Qh6 23.Qxh6 Rxh6
24.Bg5 Rxh3 25.Rxb7 Rc8 26.Rc1 Rg3 27.Bh4 Rg4 28.Rh1 f4 29.Be1 Rg2+ 30.Kd1 Rg8
31.Rxa7 Nf8 32.a4 Rb8 33.Kc1 Rg2 34.Ra5 f3 35.Rf1 Rgb2 36.Rxd5 Rb1+ 37.Kd2 R8b2+
38.Kd3 Re2 39.Rb5 Rbxe1 40.Rb8+ Kd7 41.Rxf3 Ng6 42.Rb3 Ra2 43.a5 Rea1 44.Rxf7 Rxa5
45.Rb6 Ra6 46.Rb7+ Kc6 47.Rbxe7 Nxe7 48.Rxe7 R6a3 49.Re6+ Kc7 50.d5 Rd1+
51.Kc4 Rc1 52.Rc6+ Kb7 53.Kb4 Ra2 54.e6 Rb2+ 55.Kc4 Re1 56.Rd6 Rb6 57.Rxb6+ Kxb6
58.Kd4 Kc7 59.c4 Kd6 60.c5+ Ke7 61.Kc4 Rd1 62.c6 Kd6 63.Kb5 Rxd5+ 64.Kb6 Kxe6
65.Kb7 Rb5+ 66.Kc7 Rc5 67.Kb7 Kd6 68.c7 Rxc7+  0-1

[Event "Open A"]
[Site "Le Touquet FRA"]
[Date "2006.11.01"]
[Round "6"]
[White "Bruned,B"]
[Black "Petrov,Marij"]
[Result "0-1"]
[WhiteElo "2211"]
[BlackElo "2457"]

1.e4 g6 2.d4 Bg7 3.Nc3 c6 4.Nf3 d6 5.a4 Nf6 6.Be2 O-O 7.O-O Nbd7 8.Be3 e5
9.dxe5 dxe5 10.Nd2 Ne8 11.Nc4 Nc7 12.a5 Ne6 13.Qd2 Nd4 14.Rfd1 Qe7 15.Bf1 Rd8
16.f3 Nc5 17.Qf2 f5 18.exf5 Bxf5 19.Rd2 Rd7 20.Rad1 Rad8 21.Kh1 Qf6 22.Ne2 Bxc2
23.Bxd4 Bxd1 24.Bxe5 Qe7 25.Bd6 Rxd6 26.Nxd6 Nb3 27.Rxd1 Rxd6 28.Rxd6 Qxd6
29.Nc3 Bxc3 30.Bc4+ Kg7 31.Bxb3 Bxa5 32.Qxa7 Bc7 33.Qg1 Qe5 34.Bc4 Qxb2 35.Qd1 Qe5
36.Qd7+ Kh6 37.Qh3+ Kg5 38.Qg4+ Kf6 39.Qh4+ Kg7 40.g3 b5 41.Bf1 Bb6 42.Qe4 Qc5  0-1

[Event "ch-CRO"]
[Site "Kutina CRO"]
[Date "2006.11.11"]
[Round "1"]
[White "Saric,Iv"]
[Black "Bukal,V jr"]
[Result "0-1"]
[WhiteElo "2482"]
[BlackElo "2443"]

1.e4 g6 2.d4 Bg7 3.Nc3 c6 4.h3 d6 5.g3 b5 6.a3 Bb7 7.Bg2 Nd7 8.Nge2 a6 9.O-O Ngf6
10.f4 O-O 11.Be3 Qc7 12.g4 Nb6 13.b3 Rfe8 14.Qe1 Nfd7 15.Qf2 c5 16.dxc5 Nxc5
17.Rad1 Ncd7 18.f5 Rf8 19.Bd4 Bxd4 20.Qxd4 Rac8 21.Rf2 Qc5 22.Qd2 Qxa3 23.Qg5 Rfe8
24.h4 Qc5 25.Nd5 Bxd5 26.fxg6 fxg6 27.Nd4 Bf7 28.Nf5 Kh8 29.b4 Qe5 30.Nh6 Be6
31.Rf5 gxf5 32.exf5 Bc4 33.Bf1 Qg7 34.Qf4 Bxf1  0-1

[Event "TCh-ROM Divizia A Masculin"]
[Site "Predeal ROM"]
[Date "2006.11.12"]
[Round "9"]
[White "Szabo,G ROM"]
[Black "Butunoi,A"]
[Result "1-0"]
[WhiteElo "2465"]
[BlackElo "2400"]

1.e4 g6 2.d4 Bg7 3.Nc3 c6 4.Nf3 d6 5.Bg5 h6 6.Be3 b5 7.Bd3 Nf6 8.h3 Nbd7
9.e5 Nd5 10.Nxd5 cxd5 11.exd6 exd6 12.Qd2 Qb6 13.O-O a5 14.Bf4 g5 15.Qe2+ Kf8
16.Rae1 Bf6 17.Bd2 b4 18.Nh2 Bxd4 19.Kh1 Nf6 20.f4 g4 21.c3 Bc5 22.hxg4 Ba6
23.Qe7+ Kg7 24.g5 Nh5 25.gxh6+ Rxh6 26.Qg5+ Rg6 27.Bxg6 fxg6 28.Re7+ Kf8
29.Rfe1  1-0

[Event "TCh-FIN 2006-7"]
[Site "Helsinki FIN"]
[Date "2006.11.18"]
[Round "4"]
[White "Liiva,R"]
[Black "Seeman,T"]
[Result "1/2-1/2"]
[WhiteElo "2441"]
[BlackElo "2408"]

1.e4 g6 2.d4 Bg7 3.Nc3 c6 4.h4 h5 5.Nf3 d5 6.Ng5 Nh6 7.Be3 Qb6 8.Na4 Qa5+
9.c3 dxe4 10.Nc5 O-O 11.Bc4 b5 12.Bb3 b4 13.O-O bxc3 14.bxc3 Nd7 15.Ncxe4 Nf6
16.Nxf6+ exf6 17.Ne4 Nf5 18.Bd2 Nxh4 19.Nc5 Qc7 20.Qe2 Bf5 21.Rae1 Rad8 22.Qe7 Qc8
23.Qb7 g5 24.Qxc8 Bxc8 25.Re7 a5 26.Rc7 Rd6 27.Re1 Bh3 28.Ne4 Rd7 29.Rxd7 Bxd7
30.Nc5 Bh3 31.gxh3 Nf3+ 32.Kg2 Nxd2 33.Ba4 Rc8 34.Nd7 f5 35.Re7 g4 36.Ne5 Bxe5
37.Rxe5 gxh3+ 38.Kxh3 Ne4 39.Rxf5 Nxc3 40.Bb3 a4 41.Bxf7+ Kg7 42.Bxh5 Rd8
43.Bf3  1/2-1/2

[Event "ch-CRO"]
[Site "Kutina CRO"]
[Date "2006.11.19"]
[Round "9"]
[White "Palac,M"]
[Black "Bukal,V jr"]
[Result "1-0"]
[WhiteElo "2582"]
[BlackElo "2443"]

1.e4 g6 2.d4 Bg7 3.Nc3 c6 4.h3 d6 5.Be3 Qb6 6.Rb1 Qc7 7.f4 b5 8.Nf3 b4 9.Na4 Nf6
10.Bd3 Qa5 11.c3 O-O 12.cxb4 Qxb4+ 13.Bd2 Qb7 14.O-O Be6 15.Nc3 a5 16.Qe1 Na6
17.a3 Bb3 18.e5 Nd7 19.Qh4 Rfd8 20.exd6 exd6 21.f5 Qa7 22.Kh1 Nc7 23.Ne4 Ne8
24.Bh6 Bh8 25.Bf4 Nf8 26.Bg5 Rdc8 27.Rbe1 Bd5 28.Be7 Bxe4 29.Bxe4 Bg7 30.f6 Bh8
31.Qh6 Nxf6 32.Bxd6 Ne6 33.Be5 Nh5 34.Bxh8 Ng3+ 35.Kh2 Nxf1+ 36.Rxf1 Kxh8
37.Ne5 Qxd4 38.Nxf7+ Kg8 39.Bxg6 Qg7 40.Bxh7+ Qxh7 41.Qxe6 Re8 42.Qc4 Re4
43.Qxc6 Rae8 44.Nh6+ Kh8 45.Qf6+ Qg7 46.Nf7+ Kg8 47.Qxg7+ Kxg7 48.Nd6  1-0

[Event "19th Belgrade Trophy"]
[Site "Belgrade SRB"]
[Date "2006.11.27"]
[Round "6"]
[White "Martic,I"]
[Black "Radivojevic,Mila"]
[Result "1-0"]
[WhiteElo "2325"]
[BlackElo "2180"]

1.e4 g6 2.d4 Bg7 3.Nc3 c6 4.Nf3 d5 5.h3 dxe4 6.Nxe4 Bf5 7.Ng3 Be6 8.Bd3 Nh6
9.O-O Qd7 10.Ng5 O-O 11.Nxe6 Qxe6 12.Re1 Qd6 13.c3 Kh8 14.Qf3 a5 15.Bf4 Qd8
16.Bg5 f6 17.Bxh6 Bxh6 18.Re6 Nd7 19.Qe2 Rf7 20.Re1 Bf8 21.Ne4 a4 22.a3 Nb6
23.Bc4 Rg7 24.Nc5 Nd7 25.Ne4 b5 26.Ba2 Rc8 27.Rd1 Qa5 28.Qe3 Qb6 29.Rd3 Rd8
30.Qf3 h6 31.Ng3 Rc8 32.Ne2 Qc7 33.Nf4 c5 34.Qg4 Kh7 35.Rg3 f5 36.Qf3 Nf6
37.Nxg6 cxd4 38.Qxf5 Qxg3 39.fxg3 Rxg6 40.Bb1 d3 41.Bxd3  1-0

[Event "19th Belgrade Trophy"]
[Site "Belgrade SRB"]
[Date "2006.11.30"]
[Round "9"]
[White "Radulski,J"]
[Black "Payen,Ar"]
[Result "0-1"]
[WhiteElo "2494"]
[BlackElo "2369"]

1.e4 g6 2.d4 c6 3.Nc3 Bg7 4.Nf3 d5 5.h3 Nh6 6.Bf4 O-O 7.Qd2 dxe4 8.Nxe4 Nf5
9.c3 Nd7 10.Bd3 Nb6 11.Ng3 Nxg3 12.Bxg3 c5 13.O-O cxd4 14.cxd4 Be6 15.Rfe1 Bd5
16.Ne5 Nd7 17.b3 Nxe5 18.dxe5 Bc6 19.Rad1 Qb6 20.Bc4 Rad8 21.Qf4 e6 22.Rd6 Qc7
23.h4 b5 24.Bd3 Rxd6 25.exd6 Qd7 26.Qb4 Rd8 27.Qc5 e5 28.Bxe5 Bxe5 29.Rxe5 Bxg2
30.Bf5 Qc6 31.Bg4 Rxd6 32.Qxb5 Qxb5 33.Rxb5 Bd5 34.Ra5 h5 35.Bh3 a6 36.Bc8 Be4
37.Bxa6 Rd1+ 38.Kh2 Rh1+ 39.Kg3 Rg1+ 40.Kf4 Rg4+ 41.Ke3 Rxh4 42.Bc4 Bg2 43.Rg5 Be4
44.a4 Kg7 45.a5 f5 46.Rg1 Rh3+ 47.Kd4 Rf3 48.a6 Rxf2 49.b4 h4 50.Rd1 h3 51.Bd5 Bxd5
52.Kxd5 h2 53.Rh1 g5 54.b5 g4 55.b6 g3 56.a7 g2  0-1

[Event "ch-ROM"]
[Site "Predeal ROM"]
[Date "2006.12.06"]
[Round "10"]
[White "Grunberg,M"]
[Black "Badea,B"]
[Result "0-1"]
[WhiteElo "2414"]
[BlackElo "2508"]

1.d4 g6 2.e4 Bg7 3.Nc3 c6 4.Be3 d5 5.Qd2 dxe4 6.Nxe4 Nd7 7.Nf3 Ngf6 8.Ng3 Nb6
9.c4 O-O 10.h3 Nbd7 11.Rd1 b6 12.Be2 Bb7 13.Bh6 c5 14.d5 Re8 15.Bxg7 Kxg7
16.b4 e6 17.d6 e5 18.bxc5 e4 19.Nh4 e3 20.fxe3 Ne4 21.Nxe4 Rxe4 22.Qc3+ Kg8  0-1

[Event "ch-ROM"]
[Site "Predeal ROM"]
[Date "2006.12.07"]
[Round "11"]
[White "Valeanu,E"]
[Black "Manolache,M"]
[Result "0-1"]
[WhiteElo "2361"]
[BlackElo "2507"]

1.e4 g6 2.d4 c6 3.Nc3 Bg7 4.Bc4 d6 5.Qf3 e6 6.Nge2 Nd7 7.Be3 Qe7 8.O-O-O Ngf6
9.g4 b5 10.Bd3 b4 11.Nb1 e5 12.g5 Nh5 13.Qg2 O-O 14.dxe5 Nxe5 15.f3 Qe6 16.b3 Qh3
17.Qxh3 Bxh3 18.Nd4 c5 19.Nb5 Bg2 20.Rhe1 Bxf3 21.Be2 Bxe2 22.Rxe2 Ng4 23.Bg1 Nf4
24.Red2 Nh3 25.Nxd6 Nxg1 26.Rxg1 Ne5 27.Rd5 Nf3 28.Rg3 Nd4 29.Rg2 f6 30.Nd2 Ne6
31.Rg4 fxg5 32.e5 Rf2 33.N2e4 Rf1+ 34.Kd2 Raf8 35.Nxc5 R8f2+ 36.Ke3 Nf4 37.Rd2 Rxd2
38.Kxd2 Bxe5 39.Nde4 Rh1 40.Rxg5 Rxh2+ 41.Ke3 Rh3+ 42.Kd2 Bc3+ 43.Nxc3 bxc3+
44.Ke1 Rh1+ 45.Kf2 Nh3+ 46.Kg2 Rg1+ 47.Kxh3 Rxg5 48.b4 Re5 49.Kg4 Re2 50.a4 Rxc2
51.Kf3 Rh2 52.Nd3 c2 53.Ke4 Rh1  0-1

[Event "Open"]
[Site "Granada ESP"]
[Date "2006.12.09"]
[Round "6"]
[White "Korneev,O"]
[Black "Teran Alvarez,I"]
[Result "1-0"]
[WhiteElo "2657"]
[BlackElo "2413"]

1.e4 g6 2.d4 Bg7 3.Nc3 c6 4.f4 d5 5.e5 Qb6 6.Na4 Qc7 7.Nc5 Nh6 8.Nf3 f6 9.Be3 O-O
10.h3 Nf7 11.c3 b6 12.Nd3 Bf5 13.Nf2 g5 14.g3 Nd7 15.Bd3 Bxd3 16.Nxd3 fxe5
17.fxe5 c5 18.O-O h6 19.Kg2 Qc6 20.Qd2 Rac8 21.Rac1 Qg6 22.Nf2 c4 23.Qc2 Qe6
24.g4 Nh8 25.Nh1 Ng6 26.Ng3 Rf7 27.Nf5 Rcf8 28.Bxg5 Rxf5 29.gxf5 Rxf5 30.Be3 Rxf3
31.Kxf3 Ndxe5+ 32.dxe5 Nxe5+ 33.Ke2 Nd3 34.Rcd1  1-0